000 00300nam a2200121Ia 4500
008 170620s9999 xx 000 0 und d
100 _aCHATWAL - GURDEEP R
245 0 _aINSTRUMENTAL METHOD OF CHEMICAL ANALYSIS
260 _bHIMALAYA
260 _c2006
300 _a278
546 _aEnglish
690 _aINSTRUMENTAL ANALYSIS
999 _c30889
_d30889